Statistics for First Five World Cities Alphabetically by Continent

Click here to take the quiz!

General Stats

  • This quiz has been taken 1,583 times
  • The average score is 20 of 27

Answer Stats

Continent Country City % Correct
EuropeGreeceAthens
98%
OceaniaAustraliaSydney
97%
EuropeGermanyBerlin
96%
EuropeSpainBarcelona
96%
OceaniaAustraliaMelbourne
95%
South AmericaArgentinaBuenos Aires
90%
AsiaTurkeyAnkara
90%
AsiaIraqBaghdad
90%
South AmericaBrazilBrasília
90%
AfricaAlgeriaAlgiers
88%
South AmericaColombiaBogotá
87%
EuropeUnited KingdomBirmingham
86%
AfricaEthiopiaAddis Ababa
85%
North AmericaUnited StatesChicago
83%
AfricaEgyptAlexandria
83%
EuropeGermanyCologne
82%
North AmericaUnited StatesBoston
80%
AsiaJordanAmman
78%
AfricaGhanaAccra
76%
North AmericaUnited StatesDallas
72%
North AmericaUnited StatesAtlanta
68%
South AmericaBrazilBelo Horizonte
52%
AfricaCôte d'IvoireAbidjan
48%
North AmericaUnited StatesCleveland
45%
AsiaIndiaAhmedabad
44%
AsiaIndonesiaBandung
26%
South AmericaBrazilCampinas
13%

Score Distribution

Percentile by Number Answered

Percent of People with Each Score

Your Score History

You have not taken this quiz